European countries names in their native languge - Statistics

General Stats
  • This quiz has been taken 3,034 times
    2,691 since last reset
  • The average score is 38 of 45
Answer Stats
(Full) Name of country in native languge English languge % Correct
Kongeriket Norge/Noreg Kingdom of Norway
97%
Principat d'Andorra Principality of Andorra
97%
Stato della Città del Vaticano Vatican City State
97%
Bundesrepublik Deutschland Federal Republic of Germany
96%
République française French Republic
96%
Koninkrijk België (Dutch) Kingdom of Belgium
96%
Repubblica italiana Italian Republic
95%
Kongeriget Danmark Kingdom of Denmark
95%
Latvijas Republika Republic of Latvia
95%
Repubblika ta' Malta Republic of Malta
95%
die Schweiz/Suisse/Svizra/Svizzera Switzerland
95%
United Kingdom of Great Britain and Northern Ireland United Kingdom of Great Britain and Northern Ireland
95%
Česká republika Czech Republic
94%
Reino de España Kingdom of Spain
94%
República Portuguesa Portuguese Republic
94%
Rzeczpospolita Polska Republic of Poland
94%
Repubblica di San Marino Republic of San Marino
94%
România Romania
94%
Koninkrijk der Nederlanden Kingdom of the Netherlands
93%
Republik Österreich Republic of Austria
93%
Fürstentum Liechtenstein Principality of Liechtenstein
92%
Lietuvos Respublika Republic of Lithuania
90%
Republika Slovenija Republic of Slovenia
90%
Ísland Iceland
89%
Republica Moldova Republic of Moldova
89%
* Republika e Kosovës / Република Косово Kosovo
88%
Slovenská republika Slovak Republic
88%
Éire Ireland
85%
Ελληνική Δημοκρατία Hellenic Republic (Greece)
84%
Konungariket Sverige Kingdom of Sweden
82%
Groussherzogtum Lëtzebuerg Grand Duchy of Luxembourg
80%
Україна Ukraine
75%
Magyarország Hungary
73%
Republika Hrvatska Republic of Croatia
73%
Suomen tasavalta Republic of Finland
72%
Principatu de Múnegu Principality of Monaco
70%
Российская Федерация Russian Federation
70%
Eesti Vabariik Republic of Estonia
69%
Република Македонија Republic of Macedonia
68%
Рэспубліка Беларусь Republic of Belarus
66%
Босна и Херцеговина Bosnia and Herzegovina
63%
Република Србија Republic of Serbia
57%
Република България Republic of Bulgaria
56%
Republika e Shqipërisë Republic of Albania
55%
Црна Гора Montenegro
47%
No matching quizzes found
Score Distribution
Percent of People with Each Score
Percentile by Number Answered
Your Score History
You have not taken this quiz since the last reset